| 000 | 00722nam a2200157 4500 | ||
|---|---|---|---|
| 001 | 143339 | ||
| 003 | ES-MaACL | ||
| 005 | 20230906200802.0 | ||
| 007 | t| | ||
| 008 | 070214s1913 sp r ||||1| spa d | ||
| 100 | 1 |
_aSerrano Batanero, José. _9105737 |
|
| 245 | 1 | 0 |
_aDefensa del capitán D. Manuel Sánchez López en la causa seguida contra él y su hija Luisa Sánchez Noguero, por el delito de robo, con ocasión del cual resultó homicidio _b: informe leído ante el Consejo de Guerra de Oficiales Generales el día 16 de septiembre de 1913 / _cpor José Serrano Batanero. |
| 260 |
_aMadrid : _b[s. n.], _c1913 ( _fEstablecimiento Tipográfico de José Izquierdo) |
||
| 300 | _a45 p. | ||
| 852 |
_aES-MaACL _jT-1378-F-5 |
||
| 999 |
_c143339 _d143339 |
||